000 00738nam a2200205 a 4500
001 000036274
005 20200930075636.0
008 120112s1986 xxua 000 0 eng d
040 _aDO-SdBNP
_bspa
_cBNPHU
245 0 0 _aManagement of soft tissue and bone sarcomas /
_ceditors A. T. van Oosterom, J. A. M. van Unnik.
260 _aNew York :
_bRaven Press,
_c1986.
300 _axix, 309 p. ;
_c24 cm.
490 0 _aMonograph series of the European Organization for Research on Treatment of Cancer ;
_vv.16
650 2 4 _aTejidos conectivos
_962389
650 2 4 _aOsteosarcoma
_962390
650 2 4 _aSarcomas
_962391
650 2 4 _aTumores
_962392
700 1 _aOosterom, A. T. van,
_eed.
_962393
700 1 _aUnnik, J. A. M. van,
_eed.
_962394
999 _c35765
_d35765